00589nam a2200157 a 450000100100000000500170001000800410002702000150006804000250008310000260010824501540013426000600028830000280034850000210037671000340039700004306120201002040616.0140218s2005 xxua 001 0 spa d a156148458X aDO-SdBNPbspacBNPHU1 aGood, Phyllis Pellman10aFix-It and Forget- It Diabetic Cookbook. :bslow cooker favorites - to include everyone! /cPhyllis Pellman Good, with american Diabetes Association. aIntercourse, Pennsylvania, EE.UU. :bGood Books,c2005. a284 p. :bil. ;c24 cm. aIncluye índice2 aAmerican Diabetes Association